| 000 | 00572nam a2200193Ia 4500 | ||
|---|---|---|---|
| 003 | GCL | ||
| 008 | 140319s9999 xx 000 0 ara d | ||
| 040 |
_aGCL / _cGCL |
||
| 082 | 0 | 4 |
_a903 _bص م |
| 100 | 1 | _aصالح زهرالدين | |
| 245 | 1 | 0 |
_aموسوعة اسرار من التاريخ / _cصالح زهرالدين |
| 250 | _aالاولى | ||
| 260 |
_aبيروت : _bمؤسسة الرحاب الحديثة ، _c1994 |
||
| 300 |
_a2 جزء ؛ _c24 سم |
||
| 490 | _a | ||
| 650 | 0 | 4 | _aدوائر المعارف |
| 650 | 0 | 4 | _aالتاريخ |
| 942 |
_2ddc _cBK |
||
| 999 |
_c43582 _d43582 |
||